[Event "4th LCT"]
[Site "Leiden NED"]
[Date "2010.07.12"]
[Round "4"]
[White "Ducarmon,Q"]
[Black "Gofshtein,L"]
[Result "1/2-1/2"]
[WhiteElo "2225"]
[BlackElo "2521"]
[EventDate "2010.07.09"]

1. e4 e5 2. Nf3 Nc6 3. Bb5 a6 4. Ba4 Nge7 5. O-O g6 6. c3 Bg7 7. d4 exd4 8.
cxd4 b5 9. Bc2 d6 10. h3 O-O 11. Nc3 Bb7 12. Bg5 h6 13. Be3 Na5 14. b3 f5
15. e5 c5 16. Bf4 cxd4 17. exd6 Nc8 18. Ne2 Qf6 19. Nfxd4 Nc6 20. Nxc6 Bxc6
21. Qd2 g5 22. Be3 Qxd6 23. Qxd6 Nxd6 24. Rad1 Rfd8 25. Bd4 Be4 26. Bxg7
Kxg7 27. Bxe4 Nxe4 28. Ng3 Nd2 29. Rfe1 Kf6 30. Rc1 Rac8 31. Red1 Rxc1 32.
Rxc1 f4 33. Nf1 Ne4 34. f3 Nd6 35. Rc6 Ke5 36. Rxa6 Rc8 37. Ra7 Nf5 38. Rd7
Nd4 39. a4 b4 40. Nd2 Rc1+ 41. Kf2 Rc2 42. Ke1 Rc1+ 1/2-1/2

[Event "4th LCT"]
[Site "Leiden NED"]
[Date "2010.07.12"]
[Round "4"]
[White "Van der Wiel,J"]
[Black "Merbis,M"]
[Result "1-0"]
[WhiteElo "2467"]
[BlackElo "2168"]
[EventDate "2010.07.09"]

1. e4 e5 2. Nf3 Nc6 3. d4 exd4 4. Nxd4 Bc5 5. Nb3 Bb6 6. a4 a6 7. Nc3 Qf6
8. Qe2 Nge7 9. Nd5 Nxd5 10. exd5+ Ne7 11. a5 Ba7 12. h4 d6 13. Ra4 h6 14.
Rf4 Bf5 15. g4 O-O 16. gxf5 Nxd5 17. Re4 Qd8 18. Bg2 Nf6 19. Re7 d5 20. O-O
Ne4 21. Rxe4 dxe4 22. Qxe4 c6 23. Qg4 Kh8 24. Bd2 f6 25. Rd1 Qc7 26. Bf4
Qf7 27. Bd6 Rfd8 28. Bf1 Bb8 29. Bc4 Qe8 30. Bxb8 Rxd1+ 31. Qxd1 Rxb8 32.
Qe2 Qd7 33. Qg4 Rd8 34. Nc5 Qd4 35. Qxd4 Rxd4 36. b3 Rxh4 37. Nxb7 Rg4+ 1-0

[Event "4th LCT"]
[Site "Leiden NED"]
[Date "2010.07.12"]
[Round "4"]
[White "Wohl,A"]
[Black "Galje,H"]
[Result "1-0"]
[WhiteElo "2375"]
[BlackElo "2122"]
[EventDate "2010.07.09"]

1. Nf3 Nf6 2. g3 d5 3. Bg2 Bg4 4. c4 c6 5. O-O Nbd7 6. cxd5 cxd5 7. Nc3 e6
8. d3 Be7 9. h3 Bh5 10. e4 dxe4 11. dxe4 O-O 12. g4 Bg6 13. Qe2 Nc5 14. Ne5
Qc7 15. Bf4 Qb6 16. Rab1 a5 17. Be3 Qc7 18. Nxg6 hxg6 19. Rfc1 Nfd7 20. f4
Rac8 21. f5 gxf5 22. gxf5 Qb8 23. Kh1 Bd6 24. f6 Be5 25. fxg7 Bxg7 26. Rg1
Qe5 27. Bf3 f5 28. Rg5 Rf7 29. Rbg1 Nf8 30. exf5 Nh7 31. fxe6 Qxe6 32.
Rxg7+ Kh8 33. Rxh7+ Rxh7 34. Bd4+ 1-0

[Event "4th LCT"]
[Site "Leiden NED"]
[Date "2010.07.12"]
[Round "4"]
[White "Bezemer,A"]
[Black "Hortensius,L"]
[Result "1-0"]
[WhiteElo "2322"]
[BlackElo "2058"]
[EventDate "2010.07.09"]

1. e4 e6 2. d4 d5 3. Nd2 Nf6 4. e5 Nfd7 5. Bd3 c5 6. c3 Nc6 7. Ngf3 g6 8.
h4 h6 9. Bc2 Bg7 10. O-O b6 11. Re1 Bb7 12. Nf1 Qe7 13. N1h2 O-O-O 14. Ng4
cxd4 15. cxd4 Rdg8 16. Bf4 Kb8 17. a3 Ka8 18. Qd2 h5 19. Bg5 Qe8 20. Ne3
Ne7 21. Rac1 Nb8 22. Qb4 Nbc6 23. Qd6 a6 24. Bd3 Ka7 25. Bxe7 Nxe7 26. Rc7
Nf5 27. Nxf5 gxf5 28. Rec1 Qb8 29. Rxf7 Qxd6 30. exd6 Bh6 31. Rcc7 Rb8 32.
Ne5 Ka8 33. Bxa6 1-0

[Event "4th LCT"]
[Site "Leiden NED"]
[Date "2010.07.13"]
[Round "5"]
[White "Slingerland,F"]
[Black "Wohl,A"]
[Result "1-0"]
[WhiteElo "2397"]
[BlackElo "2375"]
[EventDate "2010.07.09"]

1. e4 Nf6 2. e5 Nd5 3. d4 d6 4. Nf3 dxe5 5. Nxe5 c6 6. Nd2 g6 7. Ndf3 Bg7
8. Bc4 a5 9. a4 O-O 10. O-O Nd7 11. Nxd7 Bxd7 12. Re1 Bg4 13. c3 Re8 14. h3
Bxf3 15. Qxf3 e6 16. Bd2 Qd7 17. Bg5 h6 18. Bh4 b5 19. axb5 cxb5 20. Bd3 b4
21. c4 Ne7 22. Bf6 a4 23. Red1 Ra5 24. Be4 Rc8 25. c5 Bxf6 26. Qxf6 Nd5 27.
Qe5 f6 28. Qg3 g5 29. h4 Nf4 30. Qf3 f5 31. Bb7 Rc7 32. Kh1 Ra7 33. Rac1 a3
34. b3 Qb5 35. d5 Rxc5 36. Rxc5 Qxc5 37. d6 a2 38. d7 a1=Q 39. d8=Q+ Kh7
40. hxg5 hxg5 41. Qxg5 Qxf2 42. Qxf2 Qxd1+ 1-0

[Event "4th LCT"]
[Site "Leiden NED"]
[Date "2010.07.13"]
[Round "5"]
[White "Tiviakov,S"]
[Black "Bezemer,A"]
[Result "1-0"]
[WhiteElo "2623"]
[BlackElo "2322"]
[EventDate "2010.07.09"]

1. e4 Nf6 2. e5 Nd5 3. d4 d6 4. Nf3 dxe5 5. Nxe5 c6 6. Nd2 Nd7 7. Ndf3 Nxe5
8. Nxe5 Bf5 9. Bc4 e6 10. O-O Bd6 11. Bb3 O-O 12. Re1 Qh4 13. c4 Nb4 14. a3
Na6 15. Nf3 Qh5 16. h3 c5 17. d5 exd5 18. Qxd5 Rad8 19. Qxb7 Nc7 20. Bd1
Rb8 21. Ne5 Rxb7 22. Bxh5 f6 23. Bf3 Rb6 24. Nc6 Bd7 25. Nxa7 Be5 26. Be3
Rxb2 27. Bxc5 Re8 28. Nc6 Bc3 29. Rec1 Bd2 30. Rcb1 Rxb1+ 31. Rxb1 Be6 32.
Bd6 Na6 33. c5 Kf7 34. Be2 Bc8 35. Bc4+ 1-0

[Event "4th LCT"]
[Site "Leiden NED"]
[Date "2010.07.13"]
[Round "5"]
[White "Gofshtein,L"]
[Black "Haast,A"]
[Result "1-0"]
[WhiteElo "2521"]
[BlackElo "2240"]
[EventDate "2010.07.09"]

1. Nf3 d5 2. d4 Nf6 3. c4 dxc4 4. e3 e6 5. Bxc4 c5 6. O-O a6 7. Bd3 Nc6 8.
Nc3 cxd4 9. exd4 Be7 10. a3 O-O 11. Bc2 b5 12. Bg5 Bb7 13. h4 Rc8 14. Re1
Na5 15. d5 Nxd5 16. Nxd5 Bxd5 17. Bxe7 Qxe7 18. Bxh7+ Kh8 19. Qxd5 exd5 20.
Rxe7 Kxh7 21. Rae1 Nc4 22. R1e2 Kg8 23. Nd4 Rfd8 24. h5 Kf8 25. b3 Nxa3 26.
Ra7 Ra8 27. Ree7 Rxa7 28. Rxa7 Rc8 29. Nf5 Nc2 30. Nd6 Rc3 31. Rxf7+ Kg8
32. Rd7 a5 33. Rd8+ Kh7 34. Nf7 g5 35. Rd6 a4 36. Nxg5+ Kh8 37. bxa4 bxa4
38. Rxd5 a3 39. h6 Rc8 40. Ra5 Rb8 41. Ra7 1-0

[Event "4th LCT"]
[Site "Leiden NED"]
[Date "2010.07.13"]
[Round "5"]
[White "Van der Lende,I"]
[Black "De Graaff,R"]
[Result "1-0"]
[WhiteElo "2043"]
[BlackElo "2148"]
[EventDate "2010.07.09"]

1. e4 g6 2. d4 Bg7 3. Nc3 d6 4. Be3 a6 5. a4 b6 6. Bc4 e6 7. Nge2 Ne7 8.
Qd2 h6 9. Nf4 Nbc6 10. d5 Na5 11. Bd3 e5 12. Nfe2 Nb7 13. b4 Kf8 14. f4 Kg8
15. O-O a5 16. fxe5 axb4 17. Nb5 Bxe5 18. Bd4 c6 19. dxc6 Nxc6 20. Bc4 Rh7
21. Rxf7 Rxf7 22. Bxf7+ Kxf7 23. Qxh6 Nxd4 24. Qh7+ Bg7 25. Nexd4 Qh8 26.
Rf1+ Ke7 27. Nc6+ Kd7 28. Rf7+ Ke8 29. Qxg6 Bf8 1-0

[Event "4th LCT"]
[Site "Leiden NED"]
[Date "2010.07.13"]
[Round "5"]
[White "Van Straaten,M"]
[Black "Van Hengel,H"]
[Result "0-1"]
[WhiteElo "1974"]
[BlackElo "2191"]
[EventDate "2010.07.09"]

1. e4 e5 2. Nc3 Nf6 3. Bc4 Nxe4 4. Qh5 Nd6 5. Bb3 Nc6 6. Nb5 g6 7. Qf3 f5
8. Qd5 Qe7 9. Nxc7+ Kd8 10. Nxa8 b6 11. Nxb6 axb6 12. d3 Bb7 13. h4 f4 14.
Qf3 Nd4 15. Qg4 Bg7 16. Bd2 N6f5 17. O-O-O Kc7 18. Re1 Qc5 19. Nh3 Ra8 20.
Kb1 Nxb3 21. cxb3 Qd5 22. Rc1+ Kb8 23. Bc3 Qxd3+ 24. Ka1 Nd4 25. Bxd4 Qxb3
26. a3 Bd5 27. Kb1 Rxa3 28. Qe2 Ra1+ 0-1

[Event "4th LCT"]
[Site "Leiden NED"]
[Date "2010.07.13"]
[Round "5"]
[White "Michielsen,J"]
[Black "Porat,Ma"]
[Result "0-1"]
[WhiteElo "2397"]
[BlackElo "2175"]
[EventDate "2010.07.09"]

1. e4 c5 2. Nf3 e6 3. d4 cxd4 4. Nxd4 Nf6 5. Nc3 Nc6 6. Nxc6 bxc6 7. e5 Nd5
8. Ne4 Qc7 9. f4 Qb6 10. c4 Bb4+ 11. Ke2 f5 12. Nf2 Ba6 13. Kf3 Ne7 14. Be3
Bc5 15. Bxc5 Qxc5 16. Qd6 Qa5 17. Be2 g5 18. Rhd1 g4+ 19. Kg3 Rd8 20. a3
Qb6 21. Qd4 c5 22. Qc3 Rb8 23. Rd2 Ng6 24. Nd3 Qc6 25. Bf1 h5 26. h4 gxh3
27. Kxh3 Rg8 28. Be2 Bb7 29. Bf3 Qb6 30. Bxb7 Qxb7 31. Rf1 Qb6 32. Kh2 a5
33. Nc1 a4 34. Qe3 Rc8 35. Ne2 Ke7 36. Nc3 Qb3 37. Qd3 Rgd8 38. Rf3 h4 39.
Qd6+ Kf7 40. Qa6 Ra8 41. Rxd7+ Rxd7 42. Qxa8 Qxb2 43. Nb5 Nxe5 44. fxe5
Qxe5+ 45. g3 Qe2+ 46. Kh3 Rd2 47. Kxh4 Qxc4+ 48. Rf4 Qxb5 49. Rxa4 Qxa4+
0-1

[Event "4th LCT"]
[Site "Leiden NED"]
[Date "2010.07.13"]
[Round "5"]
[White "Van Helvoort,R"]
[Black "Wiersma,E"]
[Result "0-1"]
[WhiteElo "2197"]
[BlackElo "2405"]
[EventDate "2010.07.09"]

1. e4 c5 2. c3 Nf6 3. e5 Nd5 4. d4 cxd4 5. cxd4 e6 6. Nf3 d6 7. Bc4 Nc6 8.
exd6 Qxd6 9. O-O Be7 10. Nc3 O-O 11. Re1 a6 12. Ne4 Qc7 13. a3 Rd8 14. Ba2
Bd7 15. Bg5 Bxg5 16. Nfxg5 h6 17. Nf3 Be8 18. Nc5 b6 19. Nd3 Nf6 20. Rc1
Qd6 21. Nde5 Nxd4 22. Nc4 Qf4 23. Nxb6 Rab8 24. Nc4 Ng4 25. h3 Bc6 0-1

[Event "4th LCT"]
[Site "Leiden NED"]
[Date "2010.07.15"]
[Round "6"]
[White "Wiersma,E"]
[Black "Lalith,B"]
[Result "1/2-1/2"]
[WhiteElo "2405"]
[BlackElo "2502"]
[EventDate "2010.07.09"]

1. d4 Nf6 2. c4 e6 3. Nc3 Bb4 4. f3 O-O 5. a3 Bxc3+ 6. bxc3 Ne8 7. e4 b6 8.
Bd3 Ba6 9. Nh3 Nc6 10. Qe2 Qh4+ 11. Nf2 e5 12. Be3 f5 13. g3 Qe7 14. O-O
Na5 15. dxe5 Qxe5 16. exf5 Qxc3 17. Ne4 Qe5 18. Bf4 Qd4+ 19. Be3 Qe5 20.
Bf4 Qd4+ 21. Be3 1/2-1/2

[Event "4th LCT"]
[Site "Leiden NED"]
[Date "2010.07.15"]
[Round "6"]
[White "Slingerland,F"]
[Black "Van den Doel,E"]
[Result "0-1"]
[WhiteElo "2397"]
[BlackElo "2591"]
[EventDate "2010.07.09"]

1. e4 c5 2. Nf3 e6 3. d4 cxd4 4. Nxd4 a6 5. Be2 b5 6. a4 b4 7. f4 Bb7 8.
Bf3 Qc7 9. Be3 Nf6 10. Nd2 Bc5 11. O-O O-O 12. c3 bxc3 13. bxc3 d6 14. Rb1
Nbd7 15. Qe1 e5 16. fxe5 dxe5 17. Nf5 g6 18. Nh6+ Kg7 19. Kh1 Bxe3 20. Qxe3
Ng8 21. Nxg8 Kxg8 22. Be2 Kg7 23. Bc4 Bc6 24. Bd5 Rac8 25. c4 Bxa4 26. Rb7
Qd6 27. Qa7 Kh8 28. Nf3 f6 29. h4 Ra8 30. Qe3 Bc6 31. c5 Qxc5 32. Qxc5 Nxc5
33. Bxc6 Nxb7 34. Bxb7 Ra7 35. Bd5 Kg7 36. Ra1 a5 37. Nd2 Rb8 38. Ra3 a4
39. Kg1 Rb4 40. Kf2 f5 41. Ke3 Rc7 42. g3 Kf6 43. Nf3 h6 44. h5 gxh5 45.
exf5 Kxf5 46. Nh4+ Kf6 47. Nf3 Rc5 48. Rd3 a3 49. Ba2 e4 50. Rd6+ Ke7 51.
Re6+ Kd8 52. Ne5 Rb2 53. Nf7+ Kc7 54. Re7+ Kb6 55. Be6 Rb4 56. Nd6 Rc3+ 57.
Kf4 e3+ 58. Kf3 e2+ 59. Kxe2 Rb2+ 60. Kd1 Rd3+ 0-1

[Event "4th LCT"]
[Site "Leiden NED"]
[Date "2010.07.15"]
[Round "6"]
[White "Van der Wiel,J"]
[Black "Wilschut,P"]
[Result "1-0"]
[WhiteElo "2467"]
[BlackElo "2237"]
[EventDate "2010.07.09"]

1. e4 e6 2. d4 d5 3. Nd2 Nf6 4. e5 Nfd7 5. f4 c5 6. c3 Nc6 7. Ndf3 Qb6 8.
a3 Be7 9. b4 cxd4 10. cxd4 a6 11. Be3 Qc7 12. Bd3 b5 13. Ne2 Nb6 14. O-O
Bd7 15. Bf2 Nc4 16. Bxc4 bxc4 17. Nc3 Na7 18. Bh4 Bxh4 19. Nxh4 g6 20. f5
O-O-O 21. fxg6 hxg6 22. Nf3 Rh5 23. Ne2 Be8 24. Rc1 Nc6 25. Qd2 Qb6 26. Rf2
a5 27. Rb1 axb4 28. axb4 Na5 29. Qc1 Nc6 30. b5 Nb8 31. Nc3 g5 32. h3 Nd7
33. Ra1 Nb8 34. Na4 1-0

[Event "4th LCT"]
[Site "Leiden NED"]
[Date "2010.07.15"]
[Round "6"]
[White "Wohl,A"]
[Black "Vistisen,L"]
[Result "1/2-1/2"]
[WhiteElo "2375"]
[BlackElo "2143"]
[EventDate "2010.07.09"]

1. e4 e5 2. Bc4 Nc6 3. Nc3 Bc5 4. d3 d6 5. Na4 Bb6 6. a3 Be6 7. Bxe6 fxe6
8. Nxb6 axb6 9. Qh5+ Kd7 10. Nh3 Nf6 11. Qd1 Qe8 12. O-O Qh5 13. f3 Rhg8
14. Be3 g5 15. Nf2 Qg6 16. c3 h5 17. Kh1 g4 18. Rg1 g3 19. hxg3 Qxg3 20.
Qe1 Raf8 21. Nh3 Qg6 22. Qh4 Rf7 23. b4 Rfg7 24. a4 Qf7 25. Bh6 Rg6 26. Bg5
Nh7 27. Bd2 Qg7 28. Qf2 Rg3 29. b5 Na5 30. Rab1 Qf6 31. Kh2 R3g7 32. c4 Ra8
33. Qe3 Nf8 34. Qh6 Qg6 35. g3 Re8 36. Qxg6 Rxg6 37. Ng5 Re7 38. Kh3 Nh7
39. Kh4 Reg7 40. Nxh7 Rxh7 41. Bg5 d5 42. f4 exf4 43. gxf4 dxc4 44. dxc4 e5
45. Rbd1+ Rd6 46. Rxd6+ cxd6 47. fxe5 dxe5 48. Rc1 Nb3 49. Rd1+ Nd4 50. Be3
Ke6 51. Bxd4 exd4 52. Rxd4 Ke5 53. Rd5+ Kxe4 54. Rd6 Ke5 55. Rxb6 Kd4 56.
a5 Kxc4 57. a6 bxa6 58. bxa6 Ra7 1/2-1/2

[Event "4th LCT"]
[Site "Leiden NED"]
[Date "2010.07.16"]
[Round "7"]
[White "Wantola,I"]
[Black "Gofshtein,L"]
[Result "0-1"]
[WhiteElo "2309"]
[BlackElo "2521"]
[EventDate "2010.07.09"]

1. Nf3 Nf6 2. c4 g6 3. Nc3 Bg7 4. e4 d6 5. d4 O-O 6. Be2 e5 7. O-O Nbd7 8.
Be3 Re8 9. d5 Ng4 10. Bg5 f6 11. Bh4 Nh6 12. Ne1 g5 13. Bg3 Nf8 14. Bh5 Ng6
15. Nc2 Rf8 16. Ne3 Nf4 17. Bf3 Qe8 18. Re1 a6 19. a3 Kh8 20. h3 f5 21.
exf5 Nxf5 22. Bxf4 gxf4 23. Nxf5 Bxf5 24. Be4 Bxe4 25. Rxe4 f3 26. g3 Bh6
27. Kh2 Bg5 28. Rg4 Rf5 29. Qd3 Qf7 30. Re4 Rg8 31. Ree1 Be7 32. Rg1 Rg4
33. Rh1 Rd4 34. Qf1 h5 35. Rg1 h4 36. Rd1 hxg3+ 37. fxg3 Bg5 38. Rxd4 exd4
39. Nd1 Qe7 40. Qf2 Be3 41. Re1 Bxf2 42. Rxe7 Be3 43. Re4 f2 44. Rh4+ Kg7
0-1

[Event "4th LCT"]
[Site "Leiden NED"]
[Date "2010.07.16"]
[Round "7"]
[White "Lalith,B"]
[Black "Slingerland,F"]
[Result "1/2-1/2"]
[WhiteElo "2502"]
[BlackElo "2397"]
[EventDate "2010.07.09"]

1. Nf3 d5 2. d4 Nf6 3. c4 dxc4 4. e3 a6 5. a4 e6 6. Bxc4 c5 7. O-O Nc6 8.
Qe2 Qc7 9. Nc3 Be7 10. Bd2 O-O 11. dxc5 Bxc5 12. Rac1 Rd8 13. Bd3 Ne5 14.
Be4 Qb8 15. Rfd1 Bd6 16. Nxe5 Bxe5 17. f4 Bd6 18. Be1 Be7 19. Rxd8+ Bxd8
20. Qd3 Bd7 21. Bxh7+ Nxh7 22. Qxd7 Bb6 23. Bf2 Nf6 24. Qd1 Qa7 25. Qe2 Rd8
26. h3 Bc5 27. Re1 Rd7 28. e4 Nh5 29. Bxc5 1/2-1/2

[Event "4th LCT"]
[Site "Leiden NED"]
[Date "2010.07.16"]
[Round "7"]
[White "Van der Wiel,J"]
[Black "Wiersma,E"]
[Result "1/2-1/2"]
[WhiteElo "2467"]
[BlackElo "2405"]
[EventDate "2010.07.09"]

1. e4 c5 2. Nf3 Nc6 3. d4 cxd4 4. Nxd4 e5 5. Nb5 d6 6. N1c3 a6 7. Na3 b5 8.
Nd5 Nge7 9. c4 Nxd5 10. cxd5 Nd4 11. Be3 g6 12. Bd3 Bg7 13. O-O O-O 14. Nc2
Bd7 15. Rc1 Rc8 16. Nxd4 exd4 1/2-1/2

[Event "4th LCT"]
[Site "Leiden NED"]
[Date "2010.07.16"]
[Round "7"]
[White "Nieuwland,Huib"]
[Black "Sparreboom,W"]
[Result "1-0"]
[WhiteElo "1911"]
[BlackElo "1974"]
[EventDate "2010.07.09"]

1. e4 e6 2. d4 d5 3. Nc3 Bb4 4. e5 Ne7 5. Bd2 c5 6. a3 Bxc3 7. Bxc3 cxd4 8.
Qxd4 Nbc6 9. Qg4 d4 10. O-O-O Nf5 11. Nf3 Qc7 12. Bxd4 Ncxd4 13. Nxd4 Qxe5
14. Bb5+ Ke7 15. Rhe1 Nh6 16. Nf5+ Qxf5 17. Qb4+ Kf6 18. Re3 Qg5 19. h4 Qh5
20. Rf3+ Nf5 21. g4 Qxh4 22. Qc3+ e5 23. gxf5 Qe4 24. Rd6+ Kg5 25. Rg3+ Kf4
26. Qd2+ 1-0

[Event "4th LCT"]
[Site "Leiden NED"]
[Date "2010.07.16"]
[Round "7"]
[White "Hortensius,L"]
[Black "Porat,Ma"]
[Result "1-0"]
[WhiteElo "2058"]
[BlackElo "2175"]
[EventDate "2010.07.09"]

1. e4 c5 2. Nf3 e6 3. d4 cxd4 4. Nxd4 Nf6 5. Nc3 Nc6 6. Ndb5 Bb4 7. a3
Bxc3+ 8. Nxc3 d5 9. exd5 exd5 10. Bd3 O-O 11. O-O d4 12. Ne2 Bg4 13. f3 Bh5
14. b4 Qb6 15. Bb2 Rad8 16. Qd2 Bg6 17. Nf4 Ne5 18. Nxg6 fxg6 19. Rfe1 Qd6
20. Rad1 a6 21. Qg5 Rfe8 22. Bf1 Nc6 23. Rxe8+ Rxe8 24. Qd2 Rd8 25. c3 b5
26. cxd4 Nd5 27. Bd3 Nb6 28. Qc3 Qxd4+ 29. Qxd4 Nxd4 30. Kf2 Ne6 31. Bc2
Rxd1 32. Bxd1 Kf7 33. Bb3 Ke7 34. Ke3 Kd6 35. g3 g5 36. Bxe6 Kxe6 37. Bxg7
Kd5 38. Bh6 Nc4+ 39. Ke2 Nxa3 40. Kd3 Nc4 41. Bxg5 Ne5+ 42. Ke2 Nc6 43. Bd2
Kc4 44. f4 Nxb4 45. f5 Nc6 46. f6 Ne5 47. Bf4 Nf7 48. Kd2 a5 49. Kc2 a4 50.
Kb2 b4 51. Bd2 Ne5 52. g4 b3 53. g5 Kd5 54. Bc1 Nd3+ 55. Kb1 Nxc1 56. f7
1-0

[Event "4th LCT"]
[Site "Leiden NED"]
[Date "2010.07.16"]
[Round "7"]
[White "Vistisen,L"]
[Black "Erwich,Frank"]
[Result "1-0"]
[WhiteElo "2143"]
[BlackElo "2333"]
[EventDate "2010.07.09"]

1. e4 e5 2. Nf3 Nc6 3. d4 exd4 4. Nxd4 Bb4+ 5. c3 Bc5 6. Be3 Bb6 7. Nf5
Bxe3 8. Nxe3 d6 9. c4 Nge7 10. Nc3 O-O 11. Bd3 Ne5 12. Bc2 f5 13. f4 N5g6
14. O-O c6 15. c5 fxe4 16. cxd6 Nf5 17. Nxf5 Bxf5 18. Nxe4 Bxe4 19. Bxe4
Nxf4 20. Kh1 Qg5 21. Qb3+ Kh8 22. Qxb7 Ne2 23. Qe7 Rf6 24. Rxf6 Qxf6 25.
Bxc6 Qxb2 26. Rf1 Rg8 27. d7 Qb6 28. Bd5 1-0

[Event "4th LCT"]
[Site "Leiden NED"]
[Date "2010.07.17"]
[Round "8"]
[White "Tiviakov,S"]
[Black "Van den Doel,E"]
[Result "1-0"]
[WhiteElo "2623"]
[BlackElo "2591"]
[EventDate "2010.07.09"]

1. e4 e5 2. Nf3 Nc6 3. Bc4 Bc5 4. c3 Nf6 5. d3 d6 6. O-O O-O 7. Bg5 Bb6 8.
Nbd2 Ne7 9. Nh4 Bg4 10. Qe1 Kh8 11. Kh1 Nh5 12. h3 Bd7 13. Qe2 Nf4 14. Bxf4
exf4 15. Nhf3 Ng6 16. d4 c6 17. a4 Bc7 18. Rfe1 Nh4 19. e5 d5 20. Bd3 a5
21. Qd1 Qe7 22. Qc2 g6 23. Nxh4 Qxh4 24. Nf3 Qh6 25. Nh2 Qh4 26. c4 Bb6 27.
cxd5 cxd5 28. Nf3 Qh5 29. Be2 Bc6 30. Qb3 Ba7 31. Rad1 g5 32. Nh2 Qh4 33.
Rf1 f5 34. exf6 Rxf6 35. Bf3 Rd6 36. Ng4 Qh5 37. Rfe1 Qf7 38. Ne5 Qg7 39.
Qa3 Rf6 40. Bh5 Raf8 41. Ng4 f3 42. Re7 fxg2+ 43. Kxg2 R6f7 44. Rxf7 Rxf7
45. Bxf7 Qxf7 46. Ne5 Qf6 47. Rd3 1-0

[Event "4th LCT"]
[Site "Leiden NED"]
[Date "2010.07.17"]
[Round "8"]
[White "Ducarmon,Q"]
[Black "Van der Wiel,J"]
[Result "0-1"]
[WhiteElo "2225"]
[BlackElo "2467"]
[EventDate "2010.07.09"]

1. e4 g6 2. d4 Bg7 3. Nc3 c6 4. Bc4 d6 5. Qf3 e6 6. Nge2 b5 7. Bb3 a5 8. a4
b4 9. Nd1 Ba6 10. O-O Qf6 11. Qe3 Bxe2 12. Qxe2 Qxd4 13. c3 Qb6 14. cxb4
Qxb4 15. Ra3 Nf6 16. Bc2 O-O 17. Rb3 Qc5 18. Be3 Qh5 19. Qd2 d5 20. Bc5 Re8
21. Rh3 Qe5 22. Nc3 Nbd7 23. f4 Qc7 24. e5 Nxc5 25. exf6 Bxf6 26. f5 exf5
27. Qh6 Qe5 28. Qxh7+ Kf8 29. Bxf5 gxf5 30. Rhf3 Qd4+ 31. Kh1 Re5 32. Rxf5
Rxf5 33. Qxf5 Ke7 34. Rd1 Qe5 35. Qf2 Ne6 36. Qb6 Qc7 37. Qf2 Qf4 38. Qb6
Rh8 39. h3 Be5 0-1

[Event "4th LCT"]
[Site "Leiden NED"]
[Date "2010.07.17"]
[Round "8"]
[White "Wiersma,E"]
[Black "Merbis,M"]
[Result "1-0"]
[WhiteElo "2405"]
[BlackElo "2168"]
[EventDate "2010.07.09"]

1. d4 Nf6 2. c4 e6 3. Nc3 Bb4 4. f3 O-O 5. a3 Bxc3+ 6. bxc3 Ne8 7. e4 b6 8.
Bd3 Ba6 9. Nh3 Nc6 10. O-O Na5 11. Qe2 c5 12. e5 f6 13. Ra2 Rc8 14. Rc2 d5
15. exf6 Nxf6 16. Qxe6+ Kh8 17. Ng5 Qd7 18. Qxd7 Nxd7 19. Nxh7 Rfe8 20. Ng5
Bxc4 21. Bxc4 Nxc4 22. Rd1 Nf6 23. Kf2 Rf8 24. Nh3 Kg8 25. Nf4 Nd6 26. dxc5
Rxc5 27. Ne6 Rxc3 28. Rxc3 Nfe4+ 29. Kf1 Nxc3 30. Rd3 Rc8 31. Bf4 Ndb5 32.
Nc7 d4 33. Nxb5 Nxb5 34. a4 Rc3 35. Rd1 Nc7 36. Bxc7 Rxc7 37. Rxd4 Rc1+ 38.
Kf2 Rc2+ 39. Kg3 Ra2 40. h4 Kh7 41. Kh3 a5 42. f4 Rb2 43. g3 Rb4 44. Rd6
1-0

[Event "4th LCT"]
[Site "Leiden NED"]
[Date "2010.07.17"]
[Round "8"]
[White "Bezemer,A"]
[Black "Vistisen,L"]
[Result "1-0"]
[WhiteElo "2322"]
[BlackElo "2143"]
[EventDate "2010.07.09"]

1. d4 Nf6 2. c4 c5 3. d5 e6 4. Nc3 exd5 5. cxd5 g6 6. e4 d6 7. f4 Bg7 8.
Bb5+ Nfd7 9. a4 a6 10. Bd3 Qh4+ 11. g3 Qe7 12. Nf3 Nf6 13. O-O Bg4 14. Kg2
O-O 15. h3 Bxf3+ 16. Qxf3 Nbd7 17. Bd2 Rab8 18. Rae1 Ne8 19. g4 Nc7 20. e5
dxe5 21. f5 b5 22. g5 f6 23. fxg6 fxg5 24. gxh7+ Kh8 25. Qg3 Rf4 26. Bxf4
gxf4 27. Qxf4 b4 28. Qf7 Qg5+ 29. Kh1 bxc3 30. Qxd7 Qg3 31. Rg1 Qf3+ 32.
Rg2 Ne8 33. Be4 Qf8 34. bxc3 Nd6 35. Rxg7 Qxg7 36. Qxd6 1-0

[Event "4th LCT"]
[Site "Leiden NED"]
[Date "2010.07.17"]
[Round "8"]
[White "Slingerland,F"]
[Black "Hortensius,L"]
[Result "1-0"]
[WhiteElo "2397"]
[BlackElo "2058"]
[EventDate "2010.07.09"]

1. e4 e6 2. d4 d5 3. Nc3 Bb4 4. e5 b6 5. Bd2 Qd7 6. h4 Nc6 7. a3 Bf8 8. Nf3
Bb7 9. Bd3 O-O-O 10. Qe2 Nge7 11. O-O-O h5 12. Kb1 Kb8 13. Bg5 Rc8 14. Bb5
Nf5 15. Rd2 Be7 16. Nd1 Bxg5 17. hxg5 Qd8 18. Ne3 Nce7 19. Bd3 Nxe3 20.
Qxe3 c5 21. c3 c4 22. Bc2 g6 23. Qf4 Rf8 24. g4 hxg4 25. Nh2 b5 26. Nxg4 a5
27. Qf6 Qc7 28. Rh7 Ng8 29. Qf4 b4 30. Nh6 Nxh6 31. gxh6 bxc3 32. bxc3 Bc6
33. Rd1 Ka8 34. Ka2 Qd7 35. Rb1 Ba4 36. Qc1 Bxc2 37. Qxc2 Rh8 38. Rxh8 Rxh8
39. Qb2 Qc7 40. Qb5 Rb8 41. Qxb8+ Qxb8 42. Rxb8+ Kxb8 43. h7 1-0

[Event "4th LCT"]
[Site "Leiden NED"]
[Date "2010.07.17"]
[Round "8"]
[White "Schroer,M"]
[Black "Rijnaarts,S"]
[Result "0-1"]
[WhiteElo "2106"]
[BlackElo "2264"]
[EventDate "2010.07.09"]

1. e4 c5 2. Nf3 d6 3. d4 cxd4 4. Nxd4 Nf6 5. Nc3 e6 6. g4 h6 7. h4 Nc6 8.
Be3 a6 9. Rg1 h5 10. gxh5 Rxh5 11. Bg5 Rh8 12. Be2 Bd7 13. Qd2 b5 14. a3
Qb6 15. Nxc6 Bxc6 16. Qf4 Nd7 17. h5 b4 18. axb4 Qxb4 19. Ra2 Nc5 20. e5
Qb8 21. h6 g6 22. exd6 Bxd6 23. Qd4 Rh7 24. b4 Nd7 25. Rb2 Be5 26. Qe3 f6
27. Bxf6 Nxf6 28. Rxg6 Kf7 29. Rg1 Bf4 30. Qc5 Qd6 31. Qxd6 Bxd6 32. Rg5
Rxh6 33. b5 Rh1+ 34. Bf1 axb5 0-1

[Event "4th LCT"]
[Site "Leiden NED"]
[Date "2010.07.18"]
[Round "9"]
[White "Slingerland,F"]
[Black "Tiviakov,S"]
[Result "1/2-1/2"]
[WhiteElo "2397"]
[BlackElo "2623"]
[EventDate "2010.07.09"]

1. e4 d5 2. exd5 Qxd5 3. Nf3 Nf6 4. d4 c6 5. Be2 g6 6. O-O Bg7 7. Re1 O-O
8. c3 Nbd7 9. Nbd2 Nb6 10. Ne5 Bf5 11. Ndc4 Qd8 12. Nxb6 axb6 13. Bf4 Nd5
14. Bg3 b5 15. a3 Nb6 16. h3 Be6 17. Bd3 Nc4 18. Qe2 Nd6 19. Nf3 Re8 20.
Be5 f6 21. Bg3 Bd5 22. Nd2 Nf5 23. Bh2 Qd7 24. Be4 Bf7 25. Qf3 e5 26. Nf1
exd4 27. Bxf5 gxf5 28. Red1 Qd5 29. Qxd5 Bxd5 30. Rxd4 Re2 31. b4 Ra2 32.
Rxa2 Bxa2 33. Rd7 Rxa3 34. Bf4 Be6 35. Re7 Bf7 36. Ng3 Bg6 37. Rxb7 Rxc3
38. Rb8+ Kf7 39. Rb7+ Kg8 40. Rb8+ Kf7 41. Rb7+ 1/2-1/2

[Event "4th LCT"]
[Site "Leiden NED"]
[Date "2010.07.18"]
[Round "9"]
[White "Van den Doel,E"]
[Black "Wiersma,E"]
[Result "0-1"]
[WhiteElo "2591"]
[BlackElo "2405"]
[EventDate "2010.07.09"]

1. e4 c5 2. Nf3 Nc6 3. d4 cxd4 4. Nxd4 e5 5. Nb5 d6 6. N1c3 a6 7. Na3 b5 8.
Nd5 Nge7 9. c4 Nxd5 10. exd5 Nd4 11. cxb5 Bd7 12. Be3 axb5 13. Bxd4 exd4
14. Bd3 Qa5+ 15. Kf1 b4 16. Nc2 Be7 17. Qe1 Qxd5 18. Nxb4 Qe5 19. Rc1 O-O
20. Rc7 Rfd8 21. Qe4 Qxe4 22. Bxe4 Ra4 23. Nc6 Rxa2 24. Nxd8 Bb5+ 25. Ke1
Ra1+ 26. Kd2 Bg5+ 27. f4 Bxf4+ 28. Kc2 Rxh1 29. Kb3 d5 30. Rc8 Bc4+ 31. Kb4
Bd6+ 32. Ka5 Bf8 33. Nc6 Ra1+ 34. Kb6 g6 35. Bxd5 Bxd5 36. Ne7+ Kg7 37.
Nxd5 d3 38. Rd8 Rb1 39. Ne3 Rxb2+ 40. Kc6 d2 41. Rd3 h5 42. Kd5 Kf6 43. Nc4
d1=Q 44. Rxd1 Rxg2 45. Rf1+ Kg7 46. Ne5 f6 47. Nf3 Re2 48. h4 Be7 49. Re1
Rxe1 50. Nxe1 f5 51. Nf3 Bxh4 52. Nxh4 Kf6 53. Nf3 g5 54. Kd4 g4 55. Nd2 h4
56. Ke3 h3 57. Kf2 Kg5 58. Kg3 f4+ 59. Kf2 h2 60. Kg2 g3 61. Kh1 Kg4 62.
Ne4 Kh4 63. Kg2 Kg4 64. Kh1 Kf5 65. Nd2 Ke5 66. Nf3+ Ke4 67. Nh4 Ke3 68.
Nf5+ Ke2 69. Nh4 Kf2 70. Nf3 g2+ 0-1